000 00291nam a22001337a 4500
008 170904b xxu||||| |||| 00| 0 eng d
020 _a2900195379104
041 _aeng
080 _22ND
_a070
100 _a40
101 _aMED
245 _aCONVERGING MEDIA
_cPAVLIK,J.V
942 _2udc
_cBK
999 _c25921
_d25921